Exporters directory 1969 (Record no. 21542)
[ view plain ]
| 000 -LEADER | |
|---|---|
| fixed length control field | 00270nam a2200097Ia 4500 |
| 082 ## - DEWEY DECIMAL CLASSIFICATION NUMBER | |
| Classification number | 382.6(058) |
| Item number | EXP |
| 245 #0 - TITLE STATEMENT | |
| Title | Exporters directory 1969 |
| 260 ## - PUBLICATION, DISTRIBUTION, ETC. (IMPRINT) | |
| Place of publication | Bombay |
| Name of publisher | Chemicals Pharmaceuticals and Soaps EPC |
| Year of publication | 1969 |
| 942 ## - ADDED ENTRY ELEMENTS (KOHA) | |
| Koha item type | Books |
| Withdrawn status | Lost status | Damaged status | Not for loan | Home library | Current library | Date acquired | Full call number | Accession Number | Koha item type |
|---|---|---|---|---|---|---|---|---|---|
| Weed out | RRII Library | RRII Library | 16/12/2021 | 382.6(058) EXP | 02258 | Books |